LEADER 00897nam0-22003131i-450- 001 990000468060403321 005 20080718121421.0 010 $a0-13-880369-2 035 $a000046806 035 $aFED01000046806 035 $a(Aleph)000046806FED01 035 $a000046806 100 $a20020821d1973----km-y0itay50------ba 101 0 $aeng 105 $ay-------001yy 200 1 $aSystematic programming$ean introduction$fNiklaus Wirth 210 $aEnglewood Cliffs, New Jersey$cPrentice-Hall$dİ1973 215 $a169 p.$cill.$d24 cm 225 1 $aPrentice-Hall series in automatic computation 610 0 $aProgrammazione 676 $a005 700 1$aWirth,$bNiklaus$02747 801 0$aIT$bUNINA$gRICA$2UNIMARC 901 $aBK 912 $a990000468060403321 952 $a10 P.T. 262$b1016 CCE$fDINEL 959 $aDINEL 996 $aSystematic programming$9331627 997 $aUNINA LEADER 01568nam 2200433Ia 450 001 9910698937003321 005 20090713165048.0 035 $a(CKB)5470000002398507 035 $a(OCoLC)424524961 035 $a(EXLCZ)995470000002398507 100 $a20090713d2006 ua 0 101 0 $aeng 135 $auran||||||||| 181 $ctxt$2rdacontent 182 $cc$2rdamedia 183 $acr$2rdacarrier 200 00$aGuidance for industry$b[electronic resource] $estudies to evaluate the safety of residues of veterinary drugs in human food, genotoxicity testing 210 1$aRockville, MD :$cU.S. Dept. of Health and Human Services, Food and Drug Administration, Center for Veterinary Medicine,$d[2006] 215 $a8 pages $cdigital, PDF file 300 $aTitle from PDF title page (viewed on July 13, 2009). 300 $a"VICH GL23". 300 $a"Final guidance". 300 $a"July 27, 2006". 320 $aIncludes bibliographical references (page 7). 517 $aGuidance for industry 606 $aGenetic toxicology 606 $aVeterinary drug residues 606 $aFood adulteration and inspection 615 0$aGenetic toxicology. 615 0$aVeterinary drug residues. 615 0$aFood adulteration and inspection. 712 02$aCenter for Veterinary Medicine (U.S.) 712 12$aConference on International Harmonisation of Veterinary Medicinal Products. 801 0$bGPO 801 1$bGPO 906 $aBOOK 912 $a9910698937003321 996 $aGuidance for industry$93434577 997 $aUNINA